| 000 | 00614nam a2200169 a 4500 | ||
|---|---|---|---|
| 008 | 160302s2011 ||||||||||||||||| || u | ||
| 020 | _a9789380704852 | ||
| 050 | _aRD 731 Kak | ||
| 100 | _aKakkad, Subhash | ||
| 245 | 1 | 0 |
_aPractical orthopedics _cBy Subhash Kakkad |
| 250 | _a2nd ed. | ||
| 260 |
_aNew Delhi: _bJaypee Brothers Medical publishers _c2011 |
||
| 300 | _axii, 365p.: ill. | ||
| 350 | _a42.00 | ||
| 650 | 0 | _aORTHOPEDICS | |
| 995 |
_aMEDICAL LIBRARY OPEN ACCESS _e903488 _FCBU-SCHOOL OF MEDICINE LIBRARY (Ndola) _I42.00 _jRD 731 Kak _UAVAILABLE _WMar 14, 2016 _y903488 _ZMedical Library Open Access Collection |
||
| 999 |
_c32438 _d32438 |
||